[Event "Mistrzostwa Polski Niewidomych"]
[Site "Warszawa"]
[Date "2013.04.22"]
[Round "1"]
[White "Suder, Ryszard"]
[Black "Migala, Andrzej"]
[Result "1/2-1/2"]
[WhiteElo "2133"]
[BlackElo "2063"]
[PlyCount "60"]
[EventDate "2013.04.22"]
[EventType "tourn"]
[EventRounds "1"]
[EventCountry "POL"]
[SourceDate "2013.04.22"]

1. Nf3 d5 2. d4 Nf6 3. c4 c6 4. Nc3 a6 5. b3 Bf5 6. Nh4 Bg6 7. Nxg6 hxg6 8. g3
e6 9. Bg2 Bb4 10. Qd3 Nbd7 11. Bd2 Qe7 12. O-O O-O 13. Rac1 Rfe8 14. Bg5 Qf8
15. Bxf6 Nxf6 16. e4 Bxc3 17. Rxc3 dxe4 18. Bxe4 Nxe4 19. Qxe4 Rad8 20. Rd3 Rd7
21. Rfd1 Red8 22. h4 Qa3 23. R1d2 Qa5 24. Kg2 Qf5 25. Qxf5 gxf5 26. Kf3 g6 27.
Ke3 Kg7 28. Rd1 Kf6 29. R3d2 Ke7 30. Kf4 f6 1/2-1/2

[Event "Mistrzostwa Polski Niewidomych"]
[Site "Warszawa"]
[Date "2013.04.22"]
[Round "1"]
[White "Zoltek, Tadeusz"]
[Black "Mackowiak, Marek"]
[Result "1/2-1/2"]
[WhiteElo "2183"]
[BlackElo "2176"]
[PlyCount "68"]
[EventDate "2013.04.22"]
[EventType "tourn"]
[EventRounds "1"]
[EventCountry "POL"]
[SourceDate "2013.04.22"]

1. Nf3 Nf6 2. c4 c5 3. g3 g6 4. Bg2 Bg7 5. O-O Nc6 6. d4 cxd4 7. Nxd4 O-O 8.
Nc3 Nxd4 9. Qxd4 d6 10. Qd3 Rb8 11. Be3 Bf5 12. Qd2 b6 13. Bh6 Qc8 14. Bxg7
Kxg7 15. b3 Bh3 16. Rac1 Bxg2 17. Kxg2 Qb7+ 18. Kg1 Rbc8 19. Rfd1 Rc5 20. Qd4
Rfc8 21. f3 Kg8 22. e4 a6 23. Na4 R5c6 24. Rc2 b5 25. Nb2 Nd7 26. Rf2 Ne5 27.
cxb5 axb5 28. Nd3 Nxd3 29. Rxd3 Rc1+ 30. Kg2 R8c5 31. Rd1 R1c3 32. Rd3 Rc1 33.
Rd1 R1c3 34. Rd3 Rc1 1/2-1/2

[Event "Mistrzostwa Polski Niewidomych"]
[Site "Warszawa"]
[Date "2013.04.22"]
[Round "1"]
[White "Stachanczyk, Jacek"]
[Black "Sargalski, Andrzej"]
[Result "1/2-1/2"]
[WhiteElo "2241"]
[BlackElo "1907"]
[Annotator "Admin"]
[PlyCount "82"]
[EventDate "2013.04.22"]
[EventType "tourn"]
[EventRounds "1"]
[EventCountry "POL"]
[SourceDate "2013.04.22"]

1. e4 e5 2. Nf3 Nc6 3. Bb5 Bc5 4. c3 Nf6 5. O-O O-O 6. d4 Bb6 7. Bg5 h6 8. Bxf6
Qxf6 9. Bxc6 Qxc6 10. Qd3 exd4 11. Nxd4 Bxd4 12. cxd4 d5 13. e5 Qe6 14. Nc3 c6
15. b4 f6 16. f4 fxe5 17. fxe5 Rxf1+ 18. Rxf1 Bd7 19. Qf3 Qe7 20. b5 Rf8 21.
Qe3 Rxf1+ 22. Kxf1 Qf7+ 23. Qf3 Qxf3+ 24. gxf3 g5 25. bxc6 Bxc6 26. Kf2 Kf7 27.
f4 Ke6 28. fxg5 hxg5 29. a3 b5 30. Na2 a5 31. Nc1 Kf5 32. Kf3 Be8 33. Na2 Bh5+
34. Ke3 Ke6 35. Nc3 Be8 36. Kf3 b4 37. axb4 axb4 38. Na2 b3 39. Nc3 b2 40. Kg4
Bg6 41. Kxg5 b1=Q $11 1/2-1/2

[Event "Mistrzostwa Polski Niewidomych"]
[Site "Warszawa"]
[Date "2013.04.22"]
[Round "1"]
[White "Wojcieszyn, Zdzislaw"]
[Black "Dukaczewski, Piotr"]
[Result "0-1"]
[WhiteElo "1995"]
[BlackElo "2251"]
[PlyCount "72"]
[EventDate "2013.04.22"]
[EventType "tourn"]
[EventRounds "1"]
[EventCountry "POL"]
[SourceDate "2013.04.22"]

1. c4 g6 2. Nc3 Bg7 3. g3 d6 4. Bg2 Nf6 5. Nf3 O-O 6. O-O Nc6 7. Rb1 e5 8. d3
a5 9. a3 h6 10. e4 Nh5 11. b4 axb4 12. axb4 Be6 13. b5 Ne7 14. Nh4 c6 15. Bf3
Nf6 16. Bg2 Qd7 17. Na4 Rae8 18. Qb3 c5 19. Bd2 Bh3 20. Nb6 Qe6 21. Nd5 Nfxd5
22. cxd5 Qd7 23. Be3 g5 24. Bxh3 Qxh3 25. Ng2 Kh7 26. f3 f5 27. Bf2 f4 28. Be1
h5 29. Qc2 Ng6 30. Qe2 Rf7 31. Rb2 Ref8 32. Qd1 g4 33. gxf4 exf4 34. Ra2 Bd4+
35. Bf2 g3 36. hxg3 fxg3 0-1

[Event "Mistrzostwa Polski Niewidomych"]
[Site "Warszawa"]
[Date "2013.04.22"]
[Round "1"]
[White "Gunajew, Rafal"]
[Black "Falkowski, Dawid"]
[Result "1-0"]
[WhiteElo "2280"]
[BlackElo "1993"]
[PlyCount "27"]
[EventDate "2013.04.22"]
[EventType "tourn"]
[EventRounds "1"]
[EventCountry "POL"]
[SourceDate "2013.04.22"]

1. e4 c5 2. Nf3 Nc6 3. Bd3 Nf6 4. c3 d5 5. e5 Nd7 6. Qe2 e6 7. O-O Qc7 8. Re1
Be7 9. Bc2 O-O 10. a3 b5 11. d4 b4 12. Bg5 a5 13. Bxe7 Ba6 14. Bd6 1-0

[Event "Mistrzostwa Polski Niewidomych"]
[Site "Warszawa"]
[Date "2013.04.22"]
[Round "1"]
[White "Kulpinski, Piotr"]
[Black "Pawelec, Bartosz"]
[Result "0-1"]
[WhiteElo "2004"]
[BlackElo "2023"]
[PlyCount "46"]
[EventDate "2013.04.22"]
[EventType "tourn"]
[EventRounds "1"]
[EventCountry "POL"]
[SourceDate "2013.04.22"]

1. d4 Nf6 2. c4 e6 3. Nf3 b6 4. g3 Bb7 5. Bg2 Be7 6. O-O O-O 7. Nc3 d5 8. Ne5
Nbd7 9. Qc2 c5 10. cxd5 Nxd5 11. Nxd7 Qxd7 12. Nxd5 Bxd5 13. e4 Bb7 14. d5 exd5
15. exd5 Rad8 16. Bf4 Bxd5 17. Rad1 Qb7 18. Rxd5 Rxd5 19. Re1 Rfd8 20. Bxd5
Rxd5 21. Qe4 Bf8 22. Bd6 Bxd6 23. Kg2 Bf8 0-1

[Event "Mistrzostwa Polski Niewidomych"]
[Site "Warszawa"]
[Date "2013.04.23"]
[Round "2"]
[White "Migala, Andrzej"]
[Black "Pawelec, Bartosz"]
[Result "1/2-1/2"]
[WhiteElo "2063"]
[BlackElo "2023"]
[PlyCount "60"]
[EventDate "2013.04.22"]
[EventType "tourn"]
[EventRounds "1"]
[EventCountry "POL"]
[SourceDate "2013.04.22"]

1. e4 d5 2. exd5 Qxd5 3. Nc3 Qd6 4. d4 Nf6 5. Nge2 Bg4 6. h3 Bh5 7. g4 Bg6 8.
Bg2 c6 9. Bf4 Qd8 10. Qd2 e6 11. a3 Bd6 12. O-O-O Na6 13. Bxd6 Qxd6 14. Qf4
O-O-O 15. Qxd6 Rxd6 16. Nf4 Rhd8 17. Nxg6 hxg6 18. Ne2 c5 19. dxc5 Nxc5 20. Nc3
a6 21. Rxd6 Rxd6 22. Rd1 Rxd1+ 23. Kxd1 Kc7 24. Kd2 b6 25. Ke3 Nb7 26. Kd4 Nd6
27. b3 Nd7 28. f4 Nf6 29. Bf1 b5 30. b4 Nd7 1/2-1/2

[Event "Mistrzostwa Polski Niewidomych"]
[Site "Warszawa"]
[Date "2013.04.23"]
[Round "2"]
[White "Falkowski, Dawid"]
[Black "Kulpinski, Piotr"]
[Result "1-0"]
[WhiteElo "1993"]
[BlackElo "2004"]
[PlyCount "65"]
[EventDate "2013.04.22"]
[EventType "tourn"]
[EventRounds "1"]
[EventCountry "POL"]
[SourceDate "2013.04.22"]

1. e4 c6 2. d4 d5 3. Nd2 dxe4 4. Nxe4 Bf5 5. Ng3 Bg6 6. h4 h6 7. Nh3 e6 8. Nf4
Bh7 9. Bc4 Nf6 10. Qe2 Nd5 11. Ngh5 Nxf4 12. Bxf4 Nd7 13. O-O-O Qe7 14. Rh3
O-O-O 15. Ra3 Nb6 16. Rxa7 Nxc4 17. Qxc4 Bg6 18. Ng3 Qb4 19. Qe2 Bd6 20. Bxd6
Qxd6 21. Ra8+ Kc7 22. Rxd8 Rxd8 23. Qe5 f6 24. Qa5+ Kb8 25. Rd2 Qc7 26. Qa3 Qd6
27. Qe3 Qd5 28. Ne2 Qxa2 29. Nc3 Qa1+ 30. Nb1 Qa2 31. Qg3+ Ka7 32. Qxg6 Rd5 33.
Rd3 1-0

[Event "Mistrzostwa Polski Niewidomych"]
[Site "Warszawa"]
[Date "2013.04.23"]
[Round "2"]
[White "Dukaczewski, Piotr"]
[Black "Gunajew, Rafal"]
[Result "0-1"]
[WhiteElo "2251"]
[BlackElo "2280"]
[PlyCount "98"]
[EventDate "2013.04.22"]
[EventType "tourn"]
[EventRounds "1"]
[EventCountry "POL"]
[SourceDate "2013.04.22"]

1. e4 g6 2. d4 Bg7 3. Nc3 c5 4. d5 a6 5. a4 d6 6. Nf3 Bg4 7. h3 Bxf3 8. Qxf3
Nd7 9. Be2 Ngf6 10. Qg3 Qa5 11. O-O b5 12. f3 O-O 13. Be3 b4 14. Nd1 Rfc8 15.
Qe1 Rab8 16. g3 c4 17. Kg2 Qc7 18. Nf2 a5 19. f4 Nc5 20. Bf3 Nfd7 21. Qc1 Nb6
22. e5 dxe5 23. fxe5 Qxe5 24. Bf4 Qxb2 25. Qe3 Qd4 26. Qxd4 Bxd4 27. Rad1 Bxf2
28. Bxb8 Rxb8 29. Rxf2 b3 30. cxb3 cxb3 31. d6 exd6 32. Bc6 Nbxa4 33. Bd5 Nc3
34. Bxf7+ Kh8 35. Bxb3 Nxb3 36. Rd3 Ne4 37. Rb2 a4 38. Kf3 Nbd2+ 39. Rbxd2
Nxd2+ 40. Rxd2 Rb6 41. Ra2 Rb3+ 42. Kf4 a3 43. Rc2 Kg7 44. Rc7+ Kf6 45. Ra7 g5+
46. Kg4 Kg6 47. h4 h5+ 48. Kh3 g4+ 49. Kg2 Rb2+ 0-1

[Event "Mistrzostwa Polski Niewidomych"]
[Site "Warszawa"]
[Date "2013.04.23"]
[Round "2"]
[White "Sargalski, Andrzej"]
[Black "Wojcieszyn, Zdzislaw"]
[Result "0-1"]
[WhiteElo "1907"]
[BlackElo "1995"]
[PlyCount "92"]
[EventDate "2013.04.22"]
[EventType "tourn"]
[EventRounds "1"]
[EventCountry "POL"]
[SourceDate "2013.04.22"]

1. e4 c5 2. Nf3 Nc6 3. d4 cxd4 4. Nxd4 Nf6 5. Nc3 e6 6. a3 d5 7. exd5 Nxd5 8.
Nxc6 bxc6 9. Ne4 f5 10. Ng5 Be7 11. h4 O-O 12. Bc4 Bf6 13. Qh5 h6 14. Qg6 hxg5
15. hxg5 Be5 16. Qh5 Re8 17. g6 Kf8 18. Qh8+ Ke7 19. Bg5+ Kd7 20. Bxd8 Rxh8 21.
Rxh8 Bb7 22. O-O-O Rxd8 23. Rxd8+ Kxd8 24. Be2 Ke7 25. g3 Bc7 26. c4 Nf6 27.
Bd3 c5 28. Re1 Be4 29. Kc2 e5 30. b4 Bd6 31. b5 Bc7 32. a4 Ke6 33. Re3 Ng4 34.
Re2 Bxd3+ 35. Kxd3 e4+ 36. Kc3 Ba5+ 37. Kb3 Ne5 38. g4 Nxg4 39. f3 Nf6 40. fxe4
Nxe4 41. Re3 Kf6 42. Rd3 Nd2+ 43. Kc2 Nxc4 44. Rd7 Bb6 45. Kb3 Na5+ 46. Kc3
Kxg6 0-1

[Event "Mistrzostwa Polski Niewidomych"]
[Site "Warszawa"]
[Date "2013.04.23"]
[Round "2"]
[White "Mackowiak, Marek"]
[Black "Stachanczyk, Jacek"]
[Result "0-1"]
[WhiteElo "2176"]
[BlackElo "2241"]
[PlyCount "102"]
[EventDate "2013.04.22"]
[EventType "tourn"]
[EventRounds "1"]
[EventCountry "POL"]
[SourceDate "2013.04.22"]

1. d4 Nf6 2. Nf3 d5 3. Bf4 c5 4. dxc5 Qa5+ 5. c3 Qxc5 6. Nbd2 Nc6 7. Nb3 Qb6 8.
h3 Bf5 9. Nbd4 Nxd4 10. Nxd4 Bg6 11. Qb3 Nd7 12. Qxb6 Nxb6 13. Nb5 Kd7 14. Rd1
e6 15. e3 a6 16. Nd4 f6 17. Nb3 e5 18. Bh2 Ke6 19. Be2 a5 20. Nc1 Na4 21. Rd2
Be7 22. O-O Rhd8 23. Rfd1 Rac8 24. Bg4+ f5 25. Bf3 Nb6 26. Be2 Nc4 27. Bxc4
Rxc4 28. Nd3 Bf6 29. b4 b6 30. bxa5 bxa5 31. Rb2 Rxc3 32. Rb6+ Rd6 33. Rb5 Rdc6
34. Kf1 f4 35. Ne1 fxe3 36. Rbxd5 Bc2 37. Nxc2 Rxc2 38. fxe3 Rxa2 39. R5d2 Rxd2
40. Rxd2 a4 41. e4 Rc4 42. Rd5 Rxe4 43. Ra5 Be7 44. Kf2 Bd6 45. Kf3 Rc4 46. Bg1
a3 47. Be3 Rc2 48. h4 h5 49. Ra6 a2 50. Ke4 Rxg2 51. Bc5 a1=Q 0-1

[Event "Mistrzostwa Polski Niewidomych"]
[Site "Warszawa"]
[Date "2013.04.23"]
[Round "2"]
[White "Suder, Ryszard"]
[Black "Zoltek, Tadeusz"]
[Result "1/2-1/2"]
[WhiteElo "2133"]
[BlackElo "2183"]
[PlyCount "42"]
[EventDate "2013.04.22"]
[EventType "tourn"]
[EventRounds "1"]
[EventCountry "POL"]
[SourceDate "2013.04.22"]

1. Nf3 d5 2. d4 Nf6 3. c4 e6 4. Nc3 c5 5. cxd5 Nxd5 6. e4 Nxc3 7. bxc3 cxd4 8.
cxd4 Qa5+ 9. Bd2 Bb4 10. Rb1 Bxd2+ 11. Qxd2 Qxd2+ 12. Kxd2 O-O 13. Bd3 b6 14.
Rhc1 Ba6 15. Bxa6 Nxa6 16. Rc3 Rfd8 17. Ke3 f6 18. Ra3 Nc7 19. Rc3 Na6 20. Ra3
Nc7 21. Rc3 Na6 1/2-1/2

[Event "Mistrzostwa Polski Niewidomych"]
[Site "Warszawa"]
[Date "2013.04.24"]
[Round "3"]
[White "Zoltek, Tadeusz"]
[Black "Migala, Andrzej"]
[Result "1/2-1/2"]
[WhiteElo "2183"]
[BlackElo "2063"]
[PlyCount "60"]
[EventDate "2013.04.22"]
[EventType "tourn"]
[EventRounds "1"]
[EventCountry "POL"]
[SourceDate "2013.04.22"]

1. Nf3 d5 2. d4 Nf6 3. c4 c6 4. cxd5 cxd5 5. Nc3 Nc6 6. Bf4 a6 7. e3 Bf5 8. Bd3
Bxd3 9. Qxd3 e6 10. O-O Bd6 11. Bxd6 Qxd6 12. h3 O-O 13. Rac1 Rac8 14. a3 Rc7
15. Nd2 Rfc8 16. Ne2 Ne7 17. Rxc7 Rxc7 18. Rc1 Rxc1+ 19. Nxc1 h6 20. Qc3 Qc6
21. Qxc6 Nxc6 22. Nd3 Nd7 23. Kf1 Kf8 24. Ke2 Ke7 25. Nb3 b6 26. Nd2 Kd6 27.
Kd1 Nf6 28. f3 Nd7 29. Ke2 f6 30. f4 Ke7 1/2-1/2

[Event "Mistrzostwa Polski Niewidomych"]
[Site "Warszawa"]
[Date "2013.04.24"]
[Round "3"]
[White "Stachanczyk, Jacek"]
[Black "Suder, Ryszard"]
[Result "1/2-1/2"]
[WhiteElo "2241"]
[BlackElo "2133"]
[Annotator "Admin"]
[PlyCount "36"]
[EventDate "2013.04.22"]
[EventType "tourn"]
[EventRounds "1"]
[EventCountry "POL"]
[SourceDate "2013.04.22"]

1. e4 d6 2. d4 Nf6 3. Nc3 g6 4. f4 Bg7 5. Nf3 O-O 6. Bd3 Na6 7. O-O c5 8. d5
Bg4 9. h3 Bxf3 10. Rxf3 Nc7 11. g4 e6 12. dxe6 fxe6 13. Be3 Qe7 14. Bf2 Nd7 15.
Nb5 Ne8 16. Nc3 Nc7 17. Nb5 Ne8 18. Nc3 Nc7 $11 1/2-1/2

[Event "Mistrzostwa Polski Niewidomych"]
[Site "Warszawa"]
[Date "2013.04.24"]
[Round "3"]
[White "Wojcieszyn, Zdzislaw"]
[Black "Mackowiak, Marek"]
[Result "0-1"]
[WhiteElo "1995"]
[BlackElo "2176"]
[PlyCount "76"]
[EventDate "2013.04.22"]
[EventType "tourn"]
[EventRounds "1"]
[EventCountry "POL"]
[SourceDate "2013.04.22"]

1. c4 e5 2. Nc3 Nc6 3. g3 g6 4. Bg2 Bg7 5. e3 Nge7 6. Nge2 O-O 7. O-O d6 8. d3
Be6 9. Nd5 Rb8 10. Nec3 a6 11. Bd2 Na7 12. Nxe7+ Qxe7 13. Nd5 Qd7 14. Qc2 Nc8
15. a4 c6 16. Nc3 Ne7 17. Ne4 h6 18. c5 d5 19. Nc3 Bh3 20. Ne2 Bxg2 21. Kxg2
Kh7 22. f4 Qg4 23. Rf2 exf4 24. exf4 d4 25. h3 Qd7 26. Qc4 Rbe8 27. Ng1 Nf5 28.
Re2 Rxe2+ 29. Nxe2 Re8 30. Ng1 Re7 31. Rf1 Qe8 32. Rf2 Re1 33. Kh2 Ne3 34. Qb4
Rd1 35. Nf3 Qe6 36. Ne1 Nf1+ 37. Rxf1 Qe2+ 38. Kg1 Rxd2 0-1

[Event "Mistrzostwa Polski Niewidomych"]
[Site "Warszawa"]
[Date "2013.04.24"]
[Round "3"]
[White "Gunajew, Rafal"]
[Black "Sargalski, Andrzej"]
[Result "1-0"]
[WhiteElo "2280"]
[BlackElo "1907"]
[Annotator "Admin"]
[PlyCount "135"]
[EventDate "2013.04.22"]
[EventType "tourn"]
[EventRounds "1"]
[EventCountry "POL"]
[SourceDate "2013.04.22"]

1. e4 e5 2. Nf3 Nc6 3. Bc4 Bc5 4. c3 Nf6 5. d3 h6 6. Bb3 d6 7. h3 Be6 8. Nbd2
Bxb3 9. axb3 a6 10. Nf1 d5 11. Qe2 O-O 12. b4 Bd6 13. g4 dxe4 14. dxe4 Re8 15.
Ng3 Bf8 16. g5 hxg5 17. Bxg5 Qd6 18. Rg1 Nh7 19. Nf5 Qe6 20. Bh6 g6 21. Qe3 Ne7
22. N3h4 Kh8 23. Bxf8 Rxf8 24. Qh6 Rg8 25. Nxe7 Qxe7 26. Nf3 Rad8 27. Ra5 Qd6
28. Rd5 Qf6 29. Ng5 Rg7 30. Ke2 Rxd5 31. Nxh7 Rd2+ 32. Qxd2 Rxh7 33. Rg3 Qc6
34. Re3 Kg7 35. Kf1 Qe6 $11 36. Kg2 Rh8 37. Rd3 Rh5 38. Qe3 b6 39. Qd2 Kf6 40.
Rf3+ Kg7 41. Qd8 Qc6 42. Qe7 Qc4 43. b3 Qxb3 44. Qxc7 Qe6 45. c4 Rh4 46. Re3
Rh8 47. Rf3 Rh4 48. Re3 Rh8 49. Qa7 Qxc4 50. Qxb6 Rc8 51. Qd6 Qb5 52. Rf3 Rc6
53. Qe7 Qc4 54. Qxe5+ Kg8 55. Qe7 Kg7 56. h4 Qe6 57. Qxe6 Rxe6 58. Re3 Rb6 59.
Rb3 a5 60. b5 a4 61. Ra3 Rxb5 62. Rxa4 Kh6 63. Kg3 Kh5 64. Ra7 g5 65. Rxf7
gxh4+ 66. Kh3 Rb3+ 67. f3 Kg5 68. Rf5+ 1-0

[Event "Mistrzostwa Polski Niewidomych"]
[Site "Warszawa"]
[Date "2013.04.24"]
[Round "3"]
[White "Kulpinski, Piotr"]
[Black "Dukaczewski, Piotr"]
[Result "0-1"]
[WhiteElo "2004"]
[BlackElo "2251"]
[PlyCount "56"]
[EventDate "2013.04.22"]
[EventType "tourn"]
[EventRounds "1"]
[EventCountry "POL"]
[SourceDate "2013.04.22"]

1. d4 d5 2. Nf3 e6 3. c4 c6 4. e3 Nf6 5. Nc3 Be7 6. Bd3 dxc4 7. Bxc4 b5 8. Bd3
a6 9. e4 Bb7 10. e5 Nd5 11. Ne4 Nd7 12. Nfg5 h6 13. Qh5 g6 14. Qh3 Qb6 15. Be3
Nxe3 16. fxe3 c5 17. Nf3 cxd4 18. exd4 O-O-O 19. O-O-O Kb8 20. Kb1 Qa5 21. Nfd2
Qb4 22. Rhf1 Qxd4 23. Rxf7 Nxe5 24. Rxe7 Nxd3 25. Nc3 Nf2 26. Qg3+ e5 27. Nb3
Be4+ 28. Kc1 Qxd1+ 0-1

[Event "Mistrzostwa Polski Niewidomych"]
[Site "Warszawa"]
[Date "2013.04.24"]
[Round "3"]
[White "Pawelec, Bartosz"]
[Black "Falkowski, Dawid"]
[Result "1/2-1/2"]
[WhiteElo "2023"]
[BlackElo "1993"]
[PlyCount "69"]
[EventDate "2013.04.22"]
[EventType "tourn"]
[EventRounds "1"]
[EventCountry "POL"]
[SourceDate "2013.04.22"]

1. e4 c5 2. a3 Nc6 3. b4 e5 4. b5 Nce7 5. Bb2 Ng6 6. Bc4 Nf6 7. Nc3 Nxe4 8.
Nxe4 d5 9. Ba2 dxe4 10. f3 Bf5 11. g3 Be7 12. Qe2 Qd7 13. fxe4 Bg4 14. Nf3 O-O
15. Bc4 Bf6 16. O-O Rfd8 17. Bc3 h5 18. Qe3 Qc7 19. Ng5 Rf8 20. a4 Ne7 21. d3
Nc8 22. Rf2 Nd6 23. Bd5 Qe7 24. Nf3 Be6 25. Bxe6 Qxe6 26. Qxc5 Rfc8 27. Qa3 Be7
28. Qb2 f6 29. Bb4 Kh7 30. Nh4 Qg4 31. c3 Rc7 32. Qe2 Rd8 33. Qxg4 hxg4 34. Ng2
Nc8 35. Rd2 1/2-1/2

[Event "Mistrzostwa Polski Niewidomych"]
[Site "Warszawa"]
[Date "2013.04.25"]
[Round "4"]
[White "Migala, Andrzej"]
[Black "Falkowski, Dawid"]
[Result "1-0"]
[WhiteElo "2063"]
[BlackElo "1993"]
[Annotator "Admin"]
[PlyCount "117"]
[EventDate "2013.04.22"]
[EventType "tourn"]
[EventRounds "1"]
[EventCountry "POL"]
[SourceDate "2013.04.22"]

1. e4 c5 2. Nc3 g6 3. f4 Bg7 4. Nf3 Nc6 5. Bb5 Nd4 6. O-O a6 7. Bc4 e6 8. d3
Ne7 9. Nxd4 Bxd4+ 10. Kh1 d5 11. Bb3 b5 12. Ne2 Bg7 13. c3 Bb7 14. e5 Nf5 15.
d4 h5 16. Bc2 Nh6 17. Be3 c4 18. Qe1 a5 19. Bf2 O-O 20. Bh4 Qc7 21. h3 Nf5 22.
Rf3 Rfe8 23. g4 Nxh4 24. Qxh4 Qd8 25. Qxd8 Raxd8 26. gxh5 gxh5 27. Rg1 Kf8 28.
Ng3 f5 29. Nxh5 Bh8 30. Rfg3 Kf7 31. Nf6 Rf8 32. Bd1 Ke7 33. Ng8+ Kd7 34. Nh6
Kc6 $11 35. Rg6 Bc8 36. R1g5 Kb7 37. Bf3 Bd7 38. Kh2 b4 39. h4 Kc7 40. h5 Rb8
41. Kh3 Kd8 42. Kh4 Ke7 43. Ng8+ Kd8 44. h6 bxc3 45. bxc3 Rb2 46. Rg2 Rb1 47.
Nf6 Bc8 48. Rg1 Rb2 49. R6g2 Rb7 50. Rg8 Rbf7 51. Rxf8+ Rxf8 52. h7 Ke7 53. Rg8
Ba6 54. Kh5 Kf7 55. Kh6 Bb5 56. Bh5+ Ke7 57. Rxh8 Rxh8 58. Kg7 Rxh7+ 59. Nxh7
1-0

[Event "Mistrzostwa Polski Niewidomych"]
[Site "Warszawa"]
[Date "2013.04.25"]
[Round "4"]
[White "Dukaczewski, Piotr"]
[Black "Pawelec, Bartosz"]
[Result "1/2-1/2"]
[WhiteElo "2251"]
[BlackElo "2023"]
[Annotator "Admin"]
[PlyCount "107"]
[EventDate "2013.04.22"]
[EventType "tourn"]
[EventRounds "1"]
[EventCountry "POL"]
[SourceDate "2013.04.22"]

1. c4 Nf6 2. Nc3 d5 3. cxd5 Nxd5 4. d4 g6 5. g3 Bg7 6. Bg2 Nxc3 7. bxc3 c5 8.
e3 O-O 9. Ne2 cxd4 10. cxd4 Nc6 11. O-O Bd7 12. Rb1 b6 13. Bb2 Rc8 14. d5 Na5
15. Bxg7 Kxg7 16. e4 Rc4 17. Qd2 Qc7 18. Nd4 Qc5 19. Rfd1 Ba4 20. Nb3 Bxb3 21.
axb3 Rc2 22. Qf4 Qc3 23. Bf1 Qf6 24. Qe3 Qc3 25. Rd3 Qc7 26. e5 Nb7 27. d6 exd6
28. exd6 Qc5 29. Rbd1 Qxe3 30. Rxe3 Rd8 31. d7 Rc7 32. Bh3 Kf8 33. Rde1 Nd6 34.
Rd1 Nb7 35. b4 f5 36. Red3 a5 37. bxa5 bxa5 38. Rd5 Ke7 39. Bg2 Nc5 40. Re1+
Kf8 41. Rc1 Na6 42. Rxc7 Nxc7 43. Rd2 Ke7 44. Bc6 Ne6 45. Re2 Kd6 46. Bb5 Nf8
47. Re8 Kc7 48. Re7 Kd6 49. Rg7 Kc5 50. Ba4 Kb4 51. Bc6 Kc5 52. Ba4 Kb4 53. Bc6
Kc5 54. Ba4 $11 1/2-1/2

[Event "Mistrzostwa Polski Niewidomych"]
[Site "Warszawa"]
[Date "2013.04.25"]
[Round "4"]
[White "Sargalski, Andrzej"]
[Black "Kulpinski, Piotr"]
[Result "1-0"]
[WhiteElo "1907"]
[BlackElo "2004"]
[PlyCount "153"]
[EventDate "2013.04.22"]
[EventType "tourn"]
[EventRounds "1"]
[EventCountry "POL"]
[SourceDate "2013.04.22"]

1. e4 g6 2. d4 Bg7 3. Nc3 c5 4. Nf3 cxd4 5. Nxd4 Nc6 6. Be3 Nf6 7. Be2 O-O 8.
O-O d5 9. exd5 Nxd5 10. Nxd5 Qxd5 11. Bf3 Qa5 12. Nxc6 bxc6 13. Qc1 Rb8 14. c3
c5 15. Rd1 Be6 16. h3 Qb5 17. Bd5 Bf5 18. a4 Qa5 19. g4 Bc8 20. Qc2 e6 21. Bc4
Qc7 22. Bf1 Bb7 23. Bg2 Rfc8 24. Rab1 Bxg2 25. Kxg2 Rb7 26. Qe4 Rb3 27. Bf4 Qb6
28. Rd6 Qb7 29. Qxb7 Rxb7 30. Rdd1 Kf8 31. b4 Bxc3 32. bxc5 Rxb1 33. Rxb1 e5
34. Bh6+ Ke8 35. Rb7 a5 36. Rb5 Kd7 37. Be3 Kc7 38. g5 Rb8 39. Rxb8 Kxb8 40.
Kf3 Kc7 41. Ke4 Kc6 42. Kd3 Be1 43. Kc4 Bb4 44. f3 Be1 45. Bc1 Bf2 46. Bd2 Bxc5
47. Bxa5 Be3 48. Bd8 h6 49. gxh6 Bxh6 50. a5 Be3 51. Bf6 Kd6 52. Kd3 Bc1 53.
Bxe5+ Kc6 54. Bf6 Ba3 55. Ke4 Bb4 56. Bd8 Bc3 57. f4 f5+ 58. Kd3 Bb4 59. Kd4
Bd6 60. Bg5 Bc7 61. a6 Kd6 62. Bf6 Kc6 63. Be5 Bb6+ 64. Kc4 Be3 65. Bb8 g5 66.
fxg5 Bxg5 67. Kd4 Bh4 68. Ke3 Bg5+ 69. Kf3 Kb6 70. a7 Kb7 71. Bf4 Be7 72. Be3
Bd6 73. h4 Be5 74. h5 Ka8 75. h6 Kb7 76. Bc5 Ka8 77. Bf8 1-0

[Event "Mistrzostwa Polski Niewidomych"]
[Site "Warszawa"]
[Date "2013.04.25"]
[Round "4"]
[White "Mackowiak, Marek"]
[Black "Gunajew, Rafal"]
[Result "1/2-1/2"]
[WhiteElo "2176"]
[BlackElo "2280"]
[Annotator "Admin"]
[PlyCount "60"]
[EventDate "2013.04.22"]
[EventType "tourn"]
[EventRounds "1"]
[EventCountry "POL"]
[SourceDate "2013.04.22"]

1. c4 e5 2. Nc3 Nc6 3. g3 g6 4. Bg2 Bg7 5. e3 d6 6. Nge2 f5 7. f4 e4 8. d4 a5
9. a3 Nf6 10. d5 Ne7 11. Rb1 c6 12. dxc6 bxc6 13. b4 axb4 14. axb4 Be6 15. c5
Nfd5 16. Nxd5 Bxd5 17. O-O dxc5 18. bxc5 Qa5 19. Qc2 O-O 20. Bb2 Rfb8 21. Bxg7
Kxg7 22. Rfc1 Kf7 23. Bf1 Qa3 24. Kf2 Rxb1 25. Qxb1 Ra5 26. Rc3 Qa1 27. Qxa1
Rxa1 28. Nd4 Ra2+ 29. Rc2 Rxc2+ 30. Nxc2 Ke6 $11 1/2-1/2

[Event "Mistrzostwa Polski Niewidomych"]
[Site "Warszawa"]
[Date "2013.04.25"]
[Round "4"]
[White "Suder, Ryszard"]
[Black "Wojcieszyn, Zdzislaw"]
[Result "1-0"]
[WhiteElo "2133"]
[BlackElo "1995"]
[Annotator "Admin"]
[PlyCount "155"]
[EventDate "2013.04.22"]
[EventType "tourn"]
[EventRounds "1"]
[EventCountry "POL"]
[SourceDate "2013.04.22"]

1. Nf3 d5 2. d4 Nf6 3. c4 c6 4. Nc3 e6 5. Bg5 h6 6. Bxf6 Qxf6 7. e4 dxe4 8.
Nxe4 Bb4+ 9. Ned2 O-O 10. a3 Ba5 11. b4 Bc7 12. Be2 Nd7 13. O-O Rd8 14. Qb3 Qe7
15. Rfe1 Nf6 16. Qc3 Bd7 17. Bf1 a5 18. Ne5 Be8 19. g3 Bd6 20. bxa5 Bc7 21. Nb3
Ra7 22. Qb4 Bd6 23. c5 Bc7 24. Nc4 Nd5 25. Qd2 Qf6 26. Bg2 Ne7 27. Rad1 Nf5 28.
Qc3 Kf8 29. Qf3 Qg6 30. Ne5 Qf6 31. Nc4 Qg6 32. Qe4 Ne7 33. Qe2 Qf6 34. Nb6 Nd5
35. Qd3 Ne7 $11 36. Qd2 Qf5 37. Qe2 Nd5 38. Rd3 Kg8 39. Nc4 Qf6 40. Qe4 Ne7 41.
Nb6 Qf5 42. Qe2 Qg5 43. h4 Qf5 44. Kh2 Qf6 45. Kg1 Nd5 46. Qg4 Qe7 47. Nc4 Nf6
48. Qe2 Nd5 49. Bh3 Qf6 50. Nb6 Qg6 51. Bg2 Nf6 52. Rf3 Nd5 53. Nc4 Qh5 54. Qe4
Nf6 55. Qc2 Nd5 56. Rd3 Nf6 57. Rdd1 Nd5 58. Qd3 Nf6 59. Bf3 Qf5 60. Qxf5 exf5
61. Re7 Rd7 62. Re2 Kf8 63. Rde1 Rd8 64. Nb6 Bd7 65. Re7 Bxb6 66. cxb6 Raa8 67.
Nc5 Rab8 68. d5 cxd5 69. Nxd7+ Rxd7 70. Rxd7 Nxd7 71. Bxd5 Nc5 72. Rc1 Na6 73.
Rc7 Nxc7 74. bxc7 Rc8 75. Bxb7 Rxc7 76. a6 Ke7 77. a7 Rxb7 78. a8=Q 1-0

[Event "Mistrzostwa Polski Niewidomych"]
[Site "Warszawa"]
[Date "2013.04.25"]
[Round "4"]
[White "Zoltek, Tadeusz"]
[Black "Stachanczyk, Jacek"]
[Result "1/2-1/2"]
[WhiteElo "2183"]
[BlackElo "2241"]
[Annotator "Admin"]
[PlyCount "60"]
[EventDate "2013.04.22"]
[EventType "tourn"]
[EventRounds "1"]
[EventCountry "POL"]
[SourceDate "2013.04.22"]

1. Nf3 d5 2. d4 Nf6 3. c4 c6 4. Nc3 dxc4 5. a4 Bf5 6. e3 e6 7. Bxc4 Bb4 8. O-O
O-O 9. Qe2 Bg4 10. Rd1 Qa5 11. Bd2 Qh5 12. h3 Bxf3 13. Qxf3 Qxf3 14. gxf3 Nbd7
15. a5 b5 16. axb6 Nxb6 17. Ba6 c5 18. Ne4 Bxd2 19. Rxd2 cxd4 20. Nxf6+ gxf6
21. Rxd4 Rfd8 22. Rad1 Rxd4 23. Rxd4 Rb8 24. b4 Nd5 25. b5 Rb6 26. Rc4 Kg7 27.
Rg4+ Kf8 28. Rh4 Kg7 29. Rg4+ Kf8 30. Rh4 Kg7 $11 1/2-1/2